00491nam a2200157Ia 4500008004100000020001800041082001400059100002100073245004800094250000800142260007000150300002300220500001900243600002100262650005000283240925s9999 xx 000 0 und d a9780070486775 a006.6 ROG aRogers, David F. 0aMathematical Elements for Computer Graphics a2nd aNew Delhi:bMcGraw Hill Education (India) Private Limitedc,2002. a267p.b0fOriginal aIncludes Index aComputer Science aComputer science, information & general works